|
|
|
|
| LEADER |
00000nam0a2200000 4500 |
| 001 |
675915 |
| 005 |
20241107084646.0 |
| 035 |
|
|
|a (RuTPU)RU\TPU\book\344906
|
| 090 |
|
|
|a 675915
|
| 100 |
|
|
|a 20241028d1960 km|y0rusy50 ca
|
| 101 |
0 |
|
|a rus
|
| 102 |
|
|
|a RU
|
| 105 |
|
|
|a a z 101zy
|
| 181 |
|
0 |
|a i
|b e
|
| 182 |
|
0 |
|a n
|
| 183 |
|
0 |
|a nc
|2 RDAcarrier
|
| 200 |
|
0 |
|a Вып. 24 : Исследование нагрузочных режимов в силовых передачах автомобилей
|g Центральный научно-исследовательский автомобильный и автомоторный институт (НАМИ) ; отв. ред. А. А. Липгарт
|f В. М. Москалев, С. Н. Иванов, В. М. Овчинников
|e сборник работ Научно-технической конференции молодых специалистов НАМИ
|
| 203 |
|
|
|a Текст
|b визуальный
|c непосредственный
|
| 210 |
|
|
|a Москва
|c Типография НАМИ
|d 1960
|
| 215 |
|
|
|a 28 с.
|c ил.
|
| 283 |
|
|
|a volume
|
| 320 |
|
|
|a библ. с. 28
|
| 461 |
1 |
|
|0 676182
|9 676182
|c Москва
|d 1959-1976
|f Центральный научно-исследовательский автомобильный и автомоторный институт (НАМИ) ; отв. ред. А. А. Липгарт
|n Типография НАМИ
|n Машгиз
|o сборник научных статей
|t Труды Центрального научно-исследовательского автомобильного и автомоторного института (НАМИ)
|v Вып. 24 : Исследование нагрузочных режимов в силовых передачах автомобилей.
|
| 606 |
|
|
|a Автомобили
|9 29789
|
| 610 |
1 |
|
|a конференции
|
| 610 |
1 |
|
|a силовые передачи
|
| 610 |
1 |
|
|a нагрузочные режимы
|
| 610 |
1 |
|
|a методики
|
| 610 |
1 |
|
|a экспериментально-расчетные оценки
|
| 610 |
1 |
|
|a крутильные колебания
|
| 610 |
1 |
|
|a трансмиссия
|
| 610 |
1 |
|
|a характеристики
|
| 610 |
1 |
|
|a трение сцепление
|
| 610 |
1 |
|
|a динамические нагрузки
|
| 610 |
1 |
|
|a приводы
|
| 610 |
1 |
|
|a гребные винты
|
| 610 |
1 |
|
|a плавающие автомобили
|
| 610 |
1 |
|
|a возникновение
|
| 610 |
1 |
|
|a борьба
|
| 675 |
|
|
|a 621.892
|v 4
|
| 700 |
|
1 |
|a Москалев
|b В. Н.
|
| 701 |
|
1 |
|a Иванов
|b С. Н.
|
| 701 |
|
1 |
|a Овчинников
|b М. О.
|
| 702 |
|
1 |
|a Липгарт
|b А. А.
|4 340
|
| 712 |
0 |
2 |
|a Государственный научно-исследовательский автомобильный и автомоторный институт (НАМИ)
|c (Москва)
|c (1946-1957)
|3 (RuTPU)RU\TPU\col\13490
|
| 801 |
|
1 |
|a RU
|b 63413507
|c 20241028
|
| 801 |
|
2 |
|a RU
|b 63413507
|c 20241028
|g RCR
|
| 942 |
|
|
|c CR
|